| 000 | 00399 a2200169 4500 | ||
|---|---|---|---|
| 999 |
_c313681 _d313681 |
||
| 001 | 78608 | ||
| 003 | NUST | ||
| 005 | 20180119125149.0 | ||
| 008 | 180119b xxu||||| |||| 00| 0 eng d | ||
| 082 | _a629.13 DOS | ||
| 100 |
_aDOS _99103 |
||
| 245 |
_aAerodynamics of Essential Aircraft Manoeuvres _hEnglish |
||
| 250 | _a1 | ||
| 260 |
_aPAF _bDOS |
||
| 300 | _aiv 101 | ||
| 500 | _aAerospace Reference Books | ||
| 505 | _aGifted books | ||
| 600 |
_aAerodynamics _99104 |
||
| 942 |
_aCAENUST _cBK _k629.13 DOS _2ddc |
||